000 00864nam a2200325 i 4500
001 0000565
003 DO-SdBNP
005 20231121114621.0
007 0000565
008 921113s 1979 sp a | | spa d
016 7 _a
_z
017 _a
_b
020 _a8430510745
035 _a
040 _aBPMSU
_bspa
_cBPMSU
080 4 _a
082 4 _a823
_bC319a
100 1 _aCarroll, Lewis
245 1 0 _aAlicia en el país de las maravillas /
_cLewis Carroll ; ilustración Walt Disney
_h
260 0 _aMadrid :
_bSusaeta,
_c1979.
300 _a76 p. :
_bil.,;
_c21 cm.
490 0 _aSaeta
590 _aInventariado, 2023/VM
650 4 _aCuentos infantiles ingleses
650 4 _aLiteratura infantil inglesa
700 1 _aDisney, Walt
710 1 2 _aWalt Disney
_eil.
910 _aVMateo V. Control de calidad. BPMSU
942 _2ddc
_cBK
999 _c11010
_d11010